<?xml version="1.0" encoding="UTF-8"?>
<record
    xmlns:xsi="http://www.w3.org/2001/XMLSchema-instance"
    xsi:schemaLocation="http://www.loc.gov/MARC21/slim http://www.loc.gov/standards/marcxml/schema/MARC21slim.xsd"
    xmlns="http://www.loc.gov/MARC21/slim">

  <leader>02237na  a2200457   4500</leader>
  <controlfield tag="001">21531</controlfield>
  <controlfield tag="003">MIRAKIL</controlfield>
  <controlfield tag="005">20181213155226.0</controlfield>
  <controlfield tag="008">170205b        tu            000 0      </controlfield>
  <datafield tag="035" ind1=" " ind2=" ">
    <subfield code="a">13036</subfield>
  </datafield>
  <datafield tag="040" ind1=" " ind2=" ">
    <subfield code="a">Milas</subfield>
    <subfield code="b">tur</subfield>
    <subfield code="c">TR-AnCHP</subfield>
  </datafield>
  <datafield tag="041" ind1=" " ind2=" ">
    <subfield code="a">tur</subfield>
  </datafield>
  <datafield tag="082" ind1=" " ind2=" ">
    <subfield code="a">CHP 338.956622</subfield>
    <subfield code="b">C36d 1997/9</subfield>
  </datafield>
  <datafield tag="090" ind1=" " ind2=" ">
    <subfield code="a">CHP 338.956622 C36d 1997/9</subfield>
  </datafield>
  <datafield tag="110" ind1=" " ind2=" ">
    <subfield code="a">Cumhuriyet Halk Partisi (CHP)</subfield>
    <subfield code="b">Gen&#xE7;lik Kollar&#x131;</subfield>
  </datafield>
  <datafield tag="222" ind1=" " ind2=" ">
    <subfield code="a">Do&#x11F;u ve g&#xFC;neydo&#x11F;u raporlar&#x131;</subfield>
  </datafield>
  <datafield tag="245" ind1=" " ind2=" ">
    <subfield code="a">Tunceli raporu</subfield>
    <subfield code="b">Eyl&#xFC;l 1997</subfield>
    <subfield code="c">CHP Gen&#xE7;lik Kollar&#x131;</subfield>
  </datafield>
  <datafield tag="260" ind1=" " ind2=" ">
    <subfield code="a">Ankara</subfield>
    <subfield code="b">CHP</subfield>
    <subfield code="c">Eyl&#xFC;l 1997</subfield>
  </datafield>
  <datafield tag="300" ind1=" " ind2=" ">
    <subfield code="a">13 s.</subfield>
    <subfield code="c">21 sm.</subfield>
  </datafield>
  <datafield tag="440" ind1=" " ind2=" ">
    <subfield code="a">Cumhuriyet Halk Partisi yay&#x131;nlar&#x131;</subfield>
    <subfield code="p">Raporlar</subfield>
  </datafield>
  <datafield tag="490" ind1=" " ind2=" ">
    <subfield code="a">CHP Gen&#xE7;lik Kollar&#x131; E&#x11F;itim dizisi</subfield>
    <subfield code="v">2</subfield>
  </datafield>
  <datafield tag="500" ind1=" " ind2=" ">
    <subfield code="a">CHP Gen&#xE7;lik Kollar&#x131;'n&#x131;n 30 A&#x11F;ustos 1997 tarihinde ba&#x15F;layan Malatya-Elaz&#x131;&#x11F;-Urfa-Ad&#x131;yaman ve Gaziantep illerini kapsayan gezilerinin g&#xF6;zlemleridir.</subfield>
  </datafield>
  <datafield tag="500" ind1=" " ind2=" ">
    <subfield code="a">3 &#xF6;zg&#xFC;n ve 1 fotokopi &#xF6;rnek vard&#x131;r. Yerel numaradaki say&#x131;lar, raporlar&#x131;n sunuldu&#x11F;u aylar&#x131; temsil eder : Ocak -1 ; &#x15E;ubat -2 ; Mart -3 ; Nisan -4 ; May&#x131;s -5; Haziran -6 ; Temmuz-7 ; A&#x11F;ustos -8 ; Eyl&#xFC;l -9 ; Ekim -10 ; Kas&#x131;m -11 ; Aral&#x131;k -12</subfield>
  </datafield>
  <datafield tag="505" ind1=" " ind2=" ">
    <subfield code="a">T&#xFC;rkiye i&#xE7;in bar&#x131;&#x15F; --  &#xC7;atl&#x131;'lar&#x131;n da &#xE7;etelerin de temel g&#x131;das&#x131; akan karde&#x15F; kan&#x131;d&#x131;r - Ter&#xF6;r - Tunceli'li sadece bar&#x131;&#x15F; istiyor - Tunceli orman&#x131; - Orman yang&#x131;n&#x131; - Tunceli'nin sosyo-ekonomik durumu</subfield>
  </datafield>
  <datafield tag="610" ind1=" " ind2=" ">
    <subfield code="a">CHP</subfield>
    <subfield code="x">B&#xF6;lgesel kalk&#x131;nma politikalar&#x131;</subfield>
    <subfield code="z">Do&#x11F;u ve G&#xFC;neydo&#x11F;u Anadolu B&#xF6;lgesi</subfield>
  </datafield>
  <datafield tag="610" ind1=" " ind2=" ">
    <subfield code="a">CHP</subfield>
    <subfield code="x">Do&#x11F;u ve G&#xFC;neydo&#x11F;u politikalar&#x131;</subfield>
  </datafield>
  <datafield tag="610" ind1=" " ind2=" ">
    <subfield code="a">CHP</subfield>
    <subfield code="x">K&#xFC;rt sorunu</subfield>
    <subfield code="y">Raporlar</subfield>
  </datafield>
  <datafield tag="610" ind1=" " ind2=" ">
    <subfield code="a">CHP</subfield>
    <subfield code="x">K&#xFC;rt sorunu</subfield>
    <subfield code="y">&#xC7;&#xF6;z&#xFC;m &#xF6;nerileri</subfield>
  </datafield>
  <datafield tag="610" ind1=" " ind2=" ">
    <subfield code="a">CHP</subfield>
    <subfield code="x">Do&#x11F;u ve G&#xFC;neydo&#x11F;u sorunu</subfield>
    <subfield code="y">Raporlar</subfield>
  </datafield>
  <datafield tag="650" ind1=" " ind2=" ">
    <subfield code="a">K&#xFC;rt sorunu</subfield>
    <subfield code="x">Raporlar</subfield>
    <subfield code="z">T&#xFC;rkiye</subfield>
  </datafield>
  <datafield tag="650" ind1=" " ind2=" ">
    <subfield code="a">Ter&#xF6;rizm</subfield>
    <subfield code="x">Raporlar</subfield>
    <subfield code="z">T&#xFC;rkiye</subfield>
  </datafield>
  <datafield tag="651" ind1=" " ind2=" ">
    <subfield code="a">Do&#x11F;u ve G&#xFC;neydo&#x11F;u Anadolu B&#xF6;lgesi</subfield>
    <subfield code="x">Sosyo ekonomik durum</subfield>
    <subfield code="y">Raporlar</subfield>
  </datafield>
  <datafield tag="651" ind1=" " ind2=" ">
    <subfield code="a">Tunceli</subfield>
    <subfield code="x">Sosyo ekonomik durum</subfield>
  </datafield>
  <datafield tag="657" ind1=" " ind2=" ">
    <subfield code="a">CHP Do&#x11F;u ve G&#xFC;neydo&#x11F;u raporu, 1997</subfield>
  </datafield>
  <datafield tag="657" ind1=" " ind2=" ">
    <subfield code="a">CHP k&#xFC;rt sorunu raporu, 1997</subfield>
  </datafield>
  <datafield tag="657" ind1=" " ind2=" ">
    <subfield code="a">CHP ter&#xF6;r sorunu raporu, 1997</subfield>
    <subfield code="z">Tunceli</subfield>
  </datafield>
  <datafield tag="700" ind1=" " ind2=" ">
    <subfield code="a">Baydar, Erhan</subfield>
    <subfield code="c">CHP PM &#xFC;yesi ve Genlik Kollar&#x131; Ba&#x15F;kan&#x131;</subfield>
  </datafield>
  <datafield tag="830" ind1=" " ind2=" ">
    <subfield code="a">CHP raporlar&#x131;</subfield>
  </datafield>
  <datafield tag="942" ind1=" " ind2=" ">
    <subfield code="2">dcc</subfield>
    <subfield code="c">BKS</subfield>
  </datafield>
  <datafield tag="952" ind1=" " ind2=" ">
    <subfield code="a">0001</subfield>
    <subfield code="b">0001</subfield>
    <subfield code="d">2017-02-05</subfield>
    <subfield code="e">2</subfield>
    <subfield code="l">0</subfield>
    <subfield code="o">CHP 338.956622 C36d 1997/9</subfield>
    <subfield code="p">014021</subfield>
    <subfield code="r">2017-02-05 00:00:00</subfield>
    <subfield code="t">k.5</subfield>
    <subfield code="v">0.00</subfield>
    <subfield code="w">2017-02-05</subfield>
    <subfield code="x"> Ayn&#x131; metin daha b&#xFC;y&#xFC;k yaz&#x131; ile yeniden yaz&#x131;lm&#x131;&#x15F;t&#x131;r. (24 s.)</subfield>
    <subfield code="y">BKS</subfield>
  </datafield>
  <datafield tag="999" ind1=" " ind2=" ">
    <subfield code="c">8847</subfield>
    <subfield code="d">8847</subfield>
  </datafield>
</record>
